Дело об установлении границ между Нижегородской губернией и Чувашской автономной областью с приложением документов за 1910-1911 ...

RUSMARC
00005714cbc2a2200193#x 450
00113d4a1bf-ec59-42aa-88e4-3ffd6b90d20e
00520181120160440.0
100##$a20120404l19231924k y0rusy0102 ca
1010#$arus
102##$aRU
1222#$ad1923######
$ad1924######
1222#$ad1910######
$ad1911######
2001#$aДело об установлении границ между Нижегородской губернией и Чувашской автономной областью с приложением документов за 1910-1911 годы
$j1923-1924
251##$cДело
215##$a406 листов
2250#$aФонд Комиссия Всероссийского Центрального Исполнительного Комитета по районированию РСФСР
$hОпись № 1
801#0$aRU
$bНПО Опыт
$c20120404
801#1$aRU
$bНПО Опыт
$c20120404
$2rusmarc
801#2$aRU
$bПБ им. Б.Н. Ельцина
$c20150319
$gRCR
$2rusmarc
850##$aГосударственный архив Российской Федерации
852##$aГА РФ
$j62
937##$d21201051
$hПБ
035##$aRuPRLIB698401062
617##$2prlib_sh
$cНижегородская губерния
617##$cНижегородская область
$2prlib_sh
617##$cЧувашская автономная область
$2prlib_sh
617##$2prlib_sh
$bЧувашская Республика
605##$2acquisition_Prlib
$3DITM\AF\0000004675
$aТерритория
$lколлекция
605##$aНижегородская область: страницы истории
$lколлекция
$2acquisition_Prlib
$3LIBNET\UAF\0000040013
605##$aТерритория России: Нижегородская область
$lколлекция
$2acquisition_Prlib
$3LIBNET\UAF\0000040015
605##$aТерритория России: Чувашская Республика
$lколлекция
$2acquisition_Prlib
$3LIBNET\UAF\0000062047
686##$2rubbk
$a63.3(28-8Ниж)61ю1
$vLBC/M
686##$a63.3(2Рос.Чув)61ю1
$vLBC/M
$2rubbk
607##$2prlib_sh
$3LIBNET\UAF\0000062649
$aСССР
$jДокументы и материалы
$xАдминистративно-территориальное деление
$yЕвропейская часть
461#0$10016f50a27a-d07e-49f0-b882-8a2e5556933e
$12001
$aКомиссия Всероссийского Центрального Исполнительного Комитета по районированию РСФСР
$1251
$cФонд
$1852
$gР
$j6984
462#0$1001c38defe5-89b7-4345-aa6b-d8549404cf14
$12001
$aКомиссия ВЦИК по районированию РСФСР. 1921-1927 гг.
$vД. 62
$1251
$cОпись
$1852
$j1
Формат отображения